Studies in the Bible and science : (Record no. 3611)
[ view plain ]
| 000 -LEADER | |
|---|---|
| fixed length control field | 01219cam a2200253I 4500 |
| 001 - CONTROL NUMBER | |
| control field | 2989060 |
| 003 - CONTROL NUMBER IDENTIFIER | |
| control field | OCoLC |
| 005 - DATE AND TIME OF LATEST TRANSACTION | |
| control field | 20181115180237.0 |
| 008 - FIXED-LENGTH DATA ELEMENTS--GENERAL INFORMATION | |
| fixed length control field | 770523s1966 miu 000 0 eng |
| 010 ## - LIBRARY OF CONGRESS CONTROL NUMBER | |
| LC control number | 66016684 |
| 035 ## - SYSTEM CONTROL NUMBER | |
| System control number | (OCoLC)2989060 |
| 040 ## - CATALOGING SOURCE | |
| Original cataloging agency | DLC |
| Language of cataloging | eng |
| Transcribing agency | MBS |
| Modifying agency | OCLCQ |
| -- | OCLCG |
| -- | WY@ |
| -- | CWS |
| -- | OCLCQ |
| -- | CIRBC |
| 050 00 - LIBRARY OF CONGRESS CALL NUMBER | |
| Classification number | BS650 |
| Item number | .M57 |
| 082 0# - DEWEY DECIMAL CLASSIFICATION NUMBER | |
| Classification number | 215 |
| Item number | M875S |
| 092 ## - LOCALLY ASSIGNED DEWEY CALL NUMBER (OCLC) | |
| Classification number | 215 |
| Item number | M8762 |
| 100 1# - MAIN ENTRY--PERSONAL NAME | |
| Personal name | Morris, Henry M. |
| Fuller form of name | (Henry Madison), |
| Dates associated with a name | 1918-2006. |
| 245 10 - TITLE STATEMENT | |
| Title | Studies in the Bible and science : |
| Remainder of title | or, Christ and creation / |
| Statement of responsibility, etc. | by Henry M. Morris. |
| 260 ## - PUBLICATION, DISTRIBUTION, ETC. | |
| Place of publication, distribution, etc. | Grand Rapids : |
| Name of publisher, distributor, etc. | Baker Book House, |
| Date of publication, distribution, etc. | 1966. |
| 300 ## - PHYSICAL DESCRIPTION | |
| Extent | 186 p. ; |
| Dimensions | 23 cm. |
| 505 0# - FORMATTED CONTENTS NOTE | |
| Formatted contents note | Reason and the Christian hope -- The wonder of water -- Creation and deluge -- The power of the word -- The Genesis flood -- Evoution and Christian thought today -- Water and the word -- The Bible and theistic evolution -- Spiritual overtones in engineering -- The spirit of compromise -- The Bible is a textbook of science -- The power of energy -- Noah's flood -- Seven reasons for opposing evolution -- Science vs. sciencism in historical geology -- Christ in creation. |
| 650 #0 - SUBJECT ADDED ENTRY--TOPICAL TERM | |
| Topical term or geographic name entry element | Bible and science. |
| 740 0# - ADDED ENTRY--UNCONTROLLED RELATED/ANALYTICAL TITLE | |
| Uncontrolled related/analytical title | Christ and creation. |
| 942 ## - ADDED ENTRY ELEMENTS (KOHA) | |
| Source of classification or shelving scheme | Dewey Decimal Classification |
| Koha item type | Books |
| Withdrawn status | Lost status | Source of classification or shelving scheme | Damaged status | Not for loan | Collection code | Home library | Current library | Shelving location | Date acquired | Cost, normal purchase price | Total Checkouts | Full call number | Barcode | Date last seen | Price effective from | Koha item type |
|---|---|---|---|---|---|---|---|---|---|---|---|---|---|---|---|---|
| Dewey Decimal Classification | Non-fiction | Harvest Mission College | Harvest Mission College | General Stacks | 15.11.2018 | 350.00 | 215 M875S | 004165 | 15.11.2018 | 15.11.2018 | Books |
